[Event "Moscow Smyslov-C"]
[Site "Moscow"]
[Date "2025.06.07"]
[Round "6"]
[White "Zakharova, Milana"]
[Black "Stupa, Gleb"]
[Result "1/2-1/2"]
[WhiteElo "1767"]
[BlackElo "1729"]
[PlyCount "60"]
[EventDate "2025.06.02"]
[EventType "swiss"]
[EventRounds "8"]
[EventCountry "RUS"]
[SourceTitle "CB29_2025"]
[SourceDate "2025.07.16"]
[SourceVersion "1"]
[SourceVersionDate "2025.07.16"]
[SourceQuality "1"]

1. d4 d6 2. Nf3 g6 3. Bf4 Bg7 4. e3 Nd7 5. h3 e5 6. Bh2 Qe7 7. Be2 Ngf6 8. c4 0-0 9. Nc3 a6 10. 0-0 b6 11. Rc1 Bb7 12. b4 Rfd8 13. Qc2 Rab8 14. Rfd1 Ne8 15. a3 f5 16. dxe5 Nxe5 17. Nd5 Bxd5 18. cxd5 Nxf3+ 19. Bxf3 Be5 20. Qc4 Bxh2+ 21. Kxh2 Ra8 22. Rc2 a5 23. g3 axb4 24. axb4 Qe5 25. Qd4 Ra4 26. Be2 Ra7 27. Bc4 Qxd4 28. Rxd4 Nf6 29. Bb5 Kf8 30. Kg2 Ke7 1/2-1/2